| 000 | nam a22 7a 4500 | ||
|---|---|---|---|
| 999 |
_c331594 _d331594 |
||
| 003 | NUST | ||
| 005 | 20171004161720.0 | ||
| 008 | 171004b xxu||||| |||| 00| 0 eng d | ||
| 040 | _cNUST | ||
| 082 | _a330 | ||
| 100 |
_aKhan,Gulzar _95265 |
||
| 245 | _aMacroeconomic dynamics of oilprice shock in an open economy: case study of Pakistan | ||
| 260 |
_aIslamabad _c2015 |
||
| 300 | _a171p | ||
| 942 |
_2ddc _cTHE |
||